Η μικροδιδασκαλία στην εκπαίδευση των εκπαιδευτικών : μία θεωρητική και εμπειρική προσέγγιση
Saved in:
| Main Author: | |
|---|---|
| Format: | Book |
| Language: | Greek |
| Published: |
[Θεσσαλονίκη] :
Κυριακίδης,
[c2003].
|
| Series: | Παιδαγωγική και εκπαίδευση ;
v.38 |
| Subjects: | |
| Tags: |
Add Tag
No Tags, Be the first to tag this record!
|
MARC
| LEADER | 00000cam a2200000 i 4500 | ||
|---|---|---|---|
| 001 | 1/36439 | ||
| 008 | 061027s2003 gr | ||| |||| ||gre|| | ||
| 020 | |a 9603434116 | ||
| 035 | |l 10085820 | ||
| 040 | |a GR-MY-UA |b gre |e aacr | ||
| 041 | 0 | |a gre | |
| 082 | 7 | |a 370.733 |2 (22) | |
| 100 | 1 | |a Χατζηδήμου, Δημήτρης Χρ., |d 1947- | |
| 245 | 1 | 2 | |a Η μικροδιδασκαλία στην εκπαίδευση των εκπαιδευτικών : |b μία θεωρητική και εμπειρική προσέγγιση / |c Δημήτρη Χρ. Χατζηδήμου. |
| 260 | |a [Θεσσαλονίκη] : |b Κυριακίδης, |c [c2003]. | ||
| 300 | |a 324 σ. ; |c 21 εκ. | ||
| 490 | 1 | |a (Παιδαγωγική και εκπαίδευση ; |v vol.38) | |
| 504 | |a Βιβλιογραφία: σ. [295]-303. | ||
| 650 | 0 | 0 | |a Microteaching. |
| 650 | 0 | 0 | |a Teachers |x Training of |z Greece. |
| 830 | 0 | |a Παιδαγωγική και εκπαίδευση ; |v v.38 | |
| 852 | |a INST |b RHODES |e 20061027 |h 370.733 ΧΑΤ |p 005400023933 |q 005400023933 |t BK |y 0 | ||
| 901 | |a BIBL4-2006-3 | ||
| 909 | |a Ρ |b 127175 | ||
| 970 | |a ΚΟΖΑ |b ΜΑΡΙΑ |z 2006/10/27 | ||